书目信息 |
| 题名: |
非常思维
|
|
| 作者: | 孔菁慧 著 | |
| 分册: | ||
| 出版信息: | 济南 山东友谊出版社 2002.09 |
|
| 页数: | 295页 | |
| 开本: | 19cm | |
| 丛书名: | 点击经典文丛 | |
| 单 册: | ||
| 中图分类: | I106.4 | |
| 科图分类: | ||
| 主题词: | 文学评论--世界 | |
| 电子资源: | ||
| ISBN: | 7-80642-575-6 | |
| 000 | 00730nam0 2200229 45 | |
| 001 | 0311170815 | |
| 005 | 20031219104121.5 | |
| 010 | @a7-80642-575-6@dCNY22.00 | |
| 100 | @a20031117d2002 km y0chiy0120 ea | |
| 101 | 0 | @achi |
| 105 | @aa z 000yy | |
| 200 | 1 | @a非常思维@AFei Chang Si Wei@e语言文字的杀伤力@EYu Yan Wen Zi De Sha Shang Li@f孔菁慧著@FKong Jing Hui Zhu |
| 210 | @a济南@c山东友谊出版社@d2002.09 | |
| 215 | @a295页@c冠图,插图,附图@d19cm | |
| 225 | @a点击经典文丛@h5 | |
| 410 | @12001 @a点击经典文丛 | |
| 517 | @a语言文字的杀伤力@AYu Yan Wen Zi De Sha Shang Li | |
| 606 | 0 | @a文学评论@y世界 |
| 690 | @aI106.4@v4 | |
| 701 | @a孔菁慧@4著 | |
| 801 | @aCN@bTSTC@c20031117 | |
| 905 | @b328208-212@dI106.4@e108:5@f5 | |
| 非常思维:语言文字的杀伤力/孔菁慧著.-济南:山东友谊出版社,2002.09 |
| 295页:冠图,插图,附图;19cm.-(点击经典文丛.5) |
| ISBN 7-80642-575-6:CNY22.00 |
| ● |
| 相关链接 |
|
|
|
|
正题名:非常思维
索取号:I106.4/108:5
 
预约/预借
| 序号 | 登录号 | 条形码 | 馆藏地/架位号 | 状态 | 备注 |
| 1 | 0328208 | 203282081 | 第二借阅区/ [索取号:I106.4/108:5] | 在馆 | |
| 2 | 0328209 | 203282090 | 第二借阅区/ [索取号:I106.4/108:5] | 在馆 | |
| 3 | 0328210 | 203282107 | 第二借阅区/ [索取号:I106.4/108:5] | 在馆 | |
| 4 | 0328211 | 203282116 | 第二借阅区/ [索取号:I106.4/108:5] | 在馆 | |
| 5 | 0328212 | 203282125 | 第一样本阅览室/ [索取号:I106.4/108:5] | 在馆 |